Statistics for name the pasta

Click here to take the quiz!

General Stats

  • This quiz has been taken 19 times
  • The average score is 6 of 11

Answer Stats

Answer% Correct
spaghetti
100%
penne
94%
macaroni
75%
ravioli
69%
farfalle
56%
fusilli
50%
lasagne
50%
rigatoni
44%
conchiglie
31%
tagliatelle
25%
tortelloni
13%

Score Distribution

Percentile by Number Answered

Percent of People with Each Score

Your Score History

You have not taken this quiz